02284nam a2200265 i 4500001001000000003000900010005001700019007000300036008004100039020001500080040003000095082002500125100003500150245006300185264003500248300005500283336002700338337003300365338002800398500007300426504003200499505135500531600005101886651008101937000022278DO-SdBNP20240919131140.0ta100921s2006 dr ac 001 0bspa d z9993479470 aDO-SdBNPbspacBNPHUerda 4a923.17293bT866r2221 aRomero, Lino A.,d1930-eautor10aTrujillo :bel hombre y su personalidad /cLino A. Romero. aSanto Domingo :bBúhoc2006. a461 páginas :bilustraciones, retratos ;c23 cm. 2rdacontentatextobtxt 2rdamediaasin mediaciónbn 2rdacarrieravolumenbnc aIncluye referencias bibliográficas y notas al pie de las páginas aBibliografía : p. 452-4602 aNota del autor -- Introducción -- Análisis del panegírico ante los restos del generalísimo Trujillo -- Rafael Leónidas Trujillo Molina-- Los hermanos Trujillo -- La casa de caoba en la Hacienda Fundación -- La iglesia de San Cristóbal -- El poder: un enfoque psicoanalítico -- La política económica de la República Dominicana durante la era trujillista -- Cartas enviadas al Generalísimo Trujillo /Don Américo Lugo -- Guerra enviada por el Generalísimo Trujillo al señor Gilberto Sánchez Lustrino -- Enrique Blanco : psicodinámica de su comportamiento -- La matanza haitiana -- Asentamientos de inmigrantes en la República Dominicana -- Invaciones a la República Dominicana por exiliados políticos -- Tres acontecimientos de trascendencia política ocurrido en Santiago --El asesinato de las hermanas Mirabal -- La iglesia -- El atentado en contra del presidente Rómulo Betancourt -- El asesinato de Jesús María de Galínder -- Casas de Trujillo -- Trujillo como miembro de la Academia Dominicana de la Lengua y correspondiente de la Real Academia Española -- Entrevistas con personas que trabajaron junto al Generalísimo Trujillo -- Mecanismos de defensa psicológicos -- Estudios analítico sobre el libro titulado Trujillo visto por un psiquiatra del doctor José Miguel Gómez -- Epílogo. aTrujillo Molina, Rafael Leónidas,d1891-1961 4aRepública DominicanaxCondiciones económicasyEra de Trujillo, 1930-1961